| 000 | 00716cam a22001937i 4500 | ||
|---|---|---|---|
| 005 | 20251108171937.0 | ||
| 008 | 250721s2001 sy a gr 000 0 ara d | ||
| 082 | 1 | 4 |
_a004.3 _bع ب و |
| 100 | 1 |
_aعبود، عامر _eمؤلف. |
|
| 245 | 1 | 0 |
_aأمثلة و تطبيقات في المعالجات التحكمية / _cالمهندس عامر عبود. |
| 250 | _aالطبعة الأولى. | ||
| 264 | 1 |
_aدمشق : _bدار الرضا للنشر، _c2001. |
|
| 300 | _aجزء 2. | ||
| 490 | 1 |
_aسلسلة الرضا للبرامج و التطبيقات الهندسية / _v151. |
|
| 650 | 1 | 7 | _aالمعالجات التحكمية. |
| 650 | 1 | 7 | _aالحواسيب. |
| 942 |
_2ddc _cBK |
||
| 999 |
_c66544 _d66544 |
||